| 000 | 00000cas 2200000zi 4500 |
| 001 | 9.943612 |
| 003 | CaOODSP |
| 005 | 20260529125424 |
| 006 | m o d f |
| 007 | cr cn |||||||| |
| 008 | 240926c20259999oncar p o f0 b0fre|d |
| 022 | |a2819-7321 |
| 040 | |aCaOODSP|bfre|erda|cCaOODSP |
| 043 | |an-cn--- |
| 086 | 1 |aIu151-2F-PDF |
| 110 | 1 |aCanada. |bLogement, infrastructures et collectivités Canada, |eauteur, |eorganisme de publication. |
| 222 | 0|aRapport annuel sur l'administration de la Loi sur la protection des renseignements personnels |b(Canada. Logement, infrastructures et collectivités Canada) |
| 245 | 10|aRapport annuel sur l'administration de la Loi sur la protection des renseignements personnels / |cLogement, infrastructures et collectivités Canada. |
| 264 | 1|a[Ottawa] : |bLogement, infrastructures et collectivités Canada = Housing, Infrastructure and Communities Canada, |c[2025]- |
| 310 | |aAnnuel |
| 336 | |atexte|btxt|2rdacontent/fre |
| 337 | |ainformatique|bc|2rdamedia/fre |
| 338 | |aressource en ligne|bcr|2rdacarrier/fre |
| 362 | 1 |aParaît depuis : 2024/2025. |
| 500 | |aPublié aussi en anglais sous le titre : ... annual report on the administration of the Privacy Act. |
| 588 | |aDescription d'après : 2024/2025; titre de la page couverture du fichier PDF. |
| 588 | |aDernière livraison consultée : 2024/2025. |
| 610 | 16|aCanada. |bLogement, infrastructures et collectivités Canada|vPériodiques. |
| 610 | 16|aCanada. |tLoi sur la protection des renseignements personnels|vPériodiques. |
| 650 | 6|aDroit à la vie privée|zCanada|vPériodiques. |
| 655 | 7|aPériodiques|2rvmgf |
| 775 | 08|tAnnual report on the administration of the Privacy Act / |w(CaOODSP)9.943613 |
| 780 | 00|tRapport annuel sur l'administration de la Loi sur la protection des renseignements personnels / |w(CaOODSP)9.900246 |